47065 2219417 4500001002100000005001500021035002000036007000300056008004100059020002200100082000800122084001600130100001600146245012900162260003100291300004000322500002300362700001900385504002900404600001400433990001700447990001700464990001700481990001700498990001700515990001700532990001700549990001700566990001700583990001700600990001700617990001700634990001700651990001700668990001700685990001700702990001700719990001700736990001700753990001700770990001700787990001700804990001700821990001700838990001700855990001700872990001700889990001700906990001700923990001700940990001700957990001700974990001700991990001701008990001701025990001701042990001701059990001701076990001701093990001701110990001701127990001701144990001701161990001701178990001701195990001701212990001701229990001701246990001701263990001701280990001701297990001701314990001701331990001701348990001701365990001701382990001701399990001701416990001701433990001701450990001701467990001701484990001701501990001701518990001701535990001701552990001701569990001701586990001701603990001701620990001701637990001701654990001701671990001701688990001701705990001701722990001701739990001701756990001701773990001701790990001701807990001701824990001701841990001701858990001701875990001701892990001701909990001701926990001701943990001701960990001701977990001701994990001702011990001702028990001702045990001702062990001702079990001702096990001702113990001702130990001702147990001702164990001702181990001702198990001702215990001702232990001702249990001702266990001702283990001702300990001702317990001702334990001702351990001702368990001702385990001702402990001702419990001702436990001702453990001702470990001702487990001702504990001702521990001702538990001702555990001702572990001702589990001702606990001702623990001702640990001702657990001702674990001702691990001702708990001702725990001702742990001702759990001702776990001702793990001702810990001702827990001702844990001702861990001702878990001702895990001702912990001702929990001702946990001702963990001702980990001702997990001703014990001703031990001703048990001703065990001703082990001703099990001703116990001703133990001703150990001703167990001703184990001703201990001703218990001703235990001703252990001703269990001703286990001703303990001703320990001703337990001703354990001703371990001703388990001703405990001703422990001703439990001703456990001703473990001703490990001703507990001703524990001703541990001703558990001703575990001703592990001703609990001703626990001703643990001703660990001703677990001703694990001703711990001703728990001703745990001703762990001703779990001703796990001703813990001703830990001703847990001703864990001703881990001703898990001703915990001703932990001703949990001703966990001703983990001704000990001704017990001704034990001704051990001704068990001704085990001704102990001704119990001704136990001704153990001704170990001704187990001704204990001704221990001704238990001704255990001704272990001704289990001704306990001704323990001704340990001704357990001704374990001704391990001704408990001704425990001704442990001704459990001704476990001704493990001704510990001704527990001704544990001704561990001704578990001704595990001704612990001704629990001704646990001704663990001704680990001704697990001704714990001704731990001704748990001704765990001704782990001704799990001704816990001704833990001704850990001704867990001704884990001704901990001704918990001704935990001704952990001704969990001704986990001705003990001705020990001705037990001705054990001705071990001705088990001705105990001705122990001705139990001705156990001705173990001705190990001705207990001705224990001705241990001705258990001705275990001705292990001705309990001705326990001705343990001705360990001705377990001705394990001705411990001705428990001705445990001705462990001705479990001705496990001705513990001705530990001705547990001705564990001705581990001705598990001705615990001705632990001705649990001705666990001705683990001705700990001705717990001705734990001705751990001705768990001705785990001705802990001705819990001705836990001705853990001705870990001705887990001705904990001705921990001705938990001705955990001705972990001705989990001706006990001706023990001706040990001706057990001706074990001706091990001706108990001706125990001706142990001706159990001706176990001706193990001706210990001706227990001706244990001706261990001706278990001706295990001706312990001706329990001706346990001706363990001706380990001706397990001706414990001706431990001706448990001706465990001706482990001706499990001706516990001706533990001706550990001706567990001706584990001706601990001706618990001706635990001706652990001706669990001706686990001706703990001706720990001706737990001706754990001706771990001706788990001706805990001706822990001706839990001706856990001706873990001706890990001706907990001706924990001706941990001706958990001706975990001706992990001707009990001707026990001707043990001707060990001707077990001707094990001707111990001707128990001707145990001707162990001707179990001707196990001707213990001707230990001707247990001707264990001707281990001707298990001707315990001707332990001707349990001707366990001707383990001707400990001707417990001707434990001707451990001707468990001707485990001707502990001707519990001707536990001707553990001707570990001707587990001707604990001707621990001707638990001707655990001707672990001707689990001707706990001707723990001707740990001707757990001707774990001707791990001707808990001707825990001707842990001707859990001707876990001707893990001707910990001707927990001707944990001707961990001707978990001707995990001708012990001708029990001708046990001708063990001708080990001708097990001708114990001708131990001708148990001708165990001708182990001708199990001708216990001708233990001708250990001708267990001708284990001708301990001708318990001708335990001708352990001708369990001708386990001708403990001708420990001708437990001708454990001708471990001708488990001708505990001708522990001708539990001708556990001708573990001708590990001708607990001708624990001708641990001708658990001708675990001708692990001708709990001708726990001708743990001708760990001708777990001708794990001708811990001708828990001708845990001708862990001708879990001708896990001708913990001708930990001708947990001708964990001708981990001708998990001709015990001709032990001709049990001709066990001709083990001709100990001709117990001709134990001709151990001709168990001709185990001709202990001709219990001709236990001709253990001709270990001709287990001709304990001709321990001709338990001709355990001709372990001709389990001709406990001709423990001709440990001709457990001709474990001709491990001709508990001709525990001709542990001709559990001709576990001709593990001709610990001709627990001709644990001709661990001709678990001709695990001709712990001709729990001709746990001709763990001709780990001709797990001709814990001709831990001709848990001709865990001709882990001709899990001709916990001709933990001709950990001709967990001709984990001710001990001710018990001710035990001710052990001710069990001710086990001710103990001710120990001710137990001710154990001710171990001710188990001710205990001710222990001710239990001710256990001710273990001710290990001710307990001710324990001710341990001710358990001710375990001710392990001710409990001710426990001710443990001710460990001710477990001710494990001710511990001710528990001710545990001710562990001710579990001710596990001710613990001710630990001710647990001710664990001710681990001710698990001710715990001710732990001710749990001710766990001710783990001710800990001710817990001710834990001710851990001710868990001710885990001710902990001710919990001710936990001710953990001710970990001710987990001711004990001711021990001711038990001711055990001711072990001711089990001711106990001711123990001711140990001711157990001711174990001711191990001711208990001711225990001711242990001711259990001711276990001711293990001711310990001711327990001711344990001711361990001711378990001711395990001711412990001711429990001711446990001711463990001711480990001711497990001711514990001711531990001711548990001711565990001711582990001711599990001711616990001711633990001711650990001711667990001711684990001711701990001711718990001711735990001711752990001711769990001711786990001711803990001711820990001711837990001711854990001711871990001711888990001711905990001711922990001711939990001711956990001711973990001711990990001712007990001712024990001712041990001712058990001712075990001712092990001712109990001712126990001712143990001712160990001712177990001712194990001712211990001712228990001712245990001712262990001712279990001712296990001712313990001712330990001712347990001712364990001712381990001712398990001712415990001712432990001712449990001712466990001712483990001712500990001712517990001712534990001712551990001712568990001712585990001712602990001712619990001712636990001712653990001712670990001712687990001712704990001712721990001712738990001712755990001712772990001712789990001712806990001712823990001712840990001712857990001712874990001712891990001712908990001712925990001712942990001712959990001712976990001712993990001713010990001713027990001713044990001713061990001713078990001713095990001713112990001713129990001713146990001713163990001713180990001713197990001713214990001713231990001713248990001713265990001713282990001713299990001713316990001713333990001713350990001713367990001713384990001713401990001713418990001713435990001713452990001713469990001713486990001713503990001713520990001713537990001713554990001713571990001713588990001713605990001713622990001713639990001713656990001713673990001713690990001713707990001713724990001713741990001713758990001713775990001713792990001713809990001713826990001713843990001713860990001713877990001713894990001713911990001713928990001713945990001713962990001713979990001713996990001714013990001714030990001714047990001714064990001714081990001714098990001714115990001714132990001714149990001714166990001714183990001714200990001714217990001714234990001714251990001714268990001714285990001714302990001714319990001714336990001714353990001714370990001714387990001714404990001714421990001714438990001714455990001714472990001714489990001714506990001714523990001714540990001714557990001714574990001714591990001714608990001714625990001714642990001714659990001714676990001714693990001714710990001714727990001714744990001714761990001714778990001714795990001714812990001714829990001714846990001714863990001714880990001714897990001714914990001714931990001714948990001714965990001714982990001714999990001715016990001715033990001715050990001715067990001715084990001715101990001715118990001715135990001715152990001715169990001715186990001715203990001715220990001715237990001715254990001715271990001715288990001715305990001715322990001715339990001715356990001715373990001715390990001715407990001715424990001715441990001715458990001715475990001715492990001715509990001715526990001715543990001715560990001715577990001715594990001715611990001715628990001715645990001715662990001715679990001715696990001715713990001715730990001715747990001715764990001715781990001715798990001715815990001715832990001715849990001715866990001715883990001715900990001715917990001715934990001715951990001715968990001715985990001716002990001716019990001716036990001716053990001716070990001716087990001716104990001716121990001716138990001716155990001716172990001716189990001716206990001716223990001716240990001716257990001716274990001716291990001716308990001716325990001716342990001716359990001716376990001716393990001716410990001716427990001716444990001716461990001716478990001716495990001716512990001716529990001716546990001716563990001716580990001716597990001716614990001716631990001716648990001716665990001716682990001716699990001716716990001716733990001716750990001716767990001716784990001716801990001716818990001716835990001716852990001716869990001716886990001716903990001716920990001716937990001716954990001716971990001716988990001717005990001717022990001717039990001717056990001717073990001717090990001717107990001717124990001717141990001717158990001717175990001717192990001717209990001717226990001717243990001717260990001717277990001717294990001717311990001717328990001717345990001717362990001717379990001717396990001717413990001717430990001717447990001717464990001717481990001717498990001717515990001717532990001717549990001717566990001717583990001717600990001717617990001717634990001717651990001717668990001717685990001717702990001717719990001717736990001717753990001717770990001717787990001717804990001717821990001717838990001717855990001717872990001717889990001717906990001717923990001717940990001717957990001717974990001717991990001718008990001718025990001718042990001718059990001718076990001718093990001718110990001718127990001718144990001718161990001718178990001718195990001718212990001718229990001718246990001718263990001718280990001718297990001718314990001718331990001718348990001718365990001718382990001718399990001718416990001718433990001718450990001718467990001718484990001718501990001718518990001718535990001718552990001718569990001718586990001718603990001718620990001718637990001718654990001718671990001718688990001718705990001718722990001718739990001718756990001718773990001718790990001718807990001718824990001718841990001718858990001718875990001718892990001718909990001718926990001718943990001718960990001718977990001718994990001719011990001719028990001719045990001719062990001719079990001719096990001719113990001719130990001719147990001719164990001719181990001719198990001719215990001719232990001719249990001719266990001719283990001719300990001719317990001719334990001719351990001719368990001719385990001719402990001719419990001719436990001719453990001719470990001719487990001719504990001719521990001719538990001719555990001719572990001719589990001719606990001719623990001719640990001719657990001719674990001719691990001719708990001719725990001719742990001719759990001719776990001719793990001719810990001719827990001719844990001719861990001719878990001719895990001719912990001719929990001719946990001719963990001719980990001719997990001720014990001720031990001720048990001720065990001720082990001720099990001720116990001720133990001720150990001720167990001720184990001720201990001720218990001720235990001720252990001720269990001720286990001720303990001720320990001720337990001720354990001720371990001720388990001720405990001720422990001720439990001720456990001720473990001720490990001720507990001720524990001720541990001720558990001720575990001720592990001720609990001720626990001720643990001720660990001720677990001720694990001720711990001720728990001720745990001720762990001720779990001720796990001720813990001720830990001720847990001720864990001720881990001720898990001720915990001720932990001720949990001720966990001720983990001721000990001721017990001721034990001721051990001721068990001721085990001721102990001721119990001721136990001721153990001721170990001721187990001721204990001721221990001721238990001721255990001721272990001721289990001721306990001721323990001721340990001721357990001721374990001721391990001721408990001721425990001721442990001721459990001721476990001721493990001721510990001721527990001721544990001721561990001721578990001721595990001721612990001721629990001721646990001721663990001721680990001721697990001721714990001721731990001721748990001721765990001721782990001721799990001721816990001721833990001721850990001721867990001721884990001721901990001721918990001721935990001721952990001721969990001721986990001722003990001722020990001722037990001722054990001722071990001722088990001722105990001722122990001722139990001722156990001722173990001722190990001722207990001722224990001722241990001722258990001722275990001722292990001722309990001722326990001722343990001722360990001722377990001722394990001722411990001722428990001722445990001722462990001722479990001722496990001722513990001722530990001722547990001722564990001722581990001722598990001722615990001722632990001722649990001722666990001722683990001722700990001722717990001722734990001722751990001722768990001722785990001722802990001722819990001722836990001722853990001722870990001722887990001722904990001722921990001722938990001722955990001722972990001722989990001723006990001723023990001723040990001723057990001723074990001723091990001723108990001723125990001723142990001723159990001723176990001723193990001723210990001723227990001723244990001723261990001723278990001723295990001723312990001723329990001723346990001723363990001723380990001723397990001723414990001723431990001723448990001723465990001723482990001723499990001723516990001723533990001723550990001723567990001723584990001723601990001723618990001723635990001723652990001723669990001723686990001723703990001723720990001723737990001723754990001723771990001723788990001723805990001723822990001723839990001723856990001723873990001723890990001723907990001723924990001723941990001723958990001723975990001723992990001724009990001724026990001724043990001724060990001724077990001724094990001724111990001724128990001724145990001724162990001724179990001724196990001724213990001724230990001724247990001724264990001724281990001724298990001724315990001724332990001724349990001724366990001724383990001724400990001724417990001724434990001724451990001724468990001724485990001724502990001724519990001724536990001724553990001724570990001724587990001724604990001724621990001724638990001724655990001724672990001724689990001724706990001724723990001724740990001724757990001724774990001724791990001724808990001724825990001724842990001724859990001724876990001724893990001724910990001724927990001724944990001724961990001724978990001724995990001725012990001725029990001725046990001725063990001725080990001725097990001725114990001725131990001725148990001725165990001725182990001725199990001725216990001725233990001725250990001725267990001725284990001725301990001725318990001725335990001725352990001725369990001725386990001725403990001725420990001725437990001725454990001725471990001725488990001725505990001725522990001725539990001725556990001725573990001725590990001725607990001725624990001725641990001725658990001725675990001725692990001725709990001725726990001725743990001725760990001725777990001725794990001725811990001725828990001725845990001725862990001725879990001725896990001725913990001725930990001725947990001725964990001725981990001725998990001726015990001726032990001726049990001726066990001726083990001726100990001726117990001726134990001726151990001726168990001726185990001726202990001726219990001726236990001726253990001726270990001726287990001726304990001726321990001726338990001726355990001726372990001726389990001726406990001726423990001726440990001726457990001726474990001726491990001726508990001726525990001726542990001726559990001726576990001726593990001726610990001726627990001726644990001726661990001726678990001726695990001726712990001726729990001726746990001726763990001726780990001726797990001726814990001726831990001726848990001726865990001726882990001726899990001726916990001726933990001726950990001726967990001726984990001727001990001727018990001727035990001727052990001727069990001727086990001727103990001727120990001727137990001727154990001727171990001727188990001727205990001727222990001727239990001727256990001727273990001727290990001727307990001727324990001727341990001727358990001727375990001727392990001727409990001727426990001727443990001727460990001727477990001727494990001727511990001727528990001727545990001727562990001727579990001727596990001727613990001727630INLIS00000000000006320221108101858 a0010-1122000063ta221108 g 0 ind  a978-602-254-133-2 a301 a301 KUN s.I0 aKun Maryani1 aSosiologi untuk SMA/MA kelas X jilid 1 :bKelompokj peminatan ilmu-ilmu sosial kurikulum 2013 /cKun Maryani, Juju Suryawati aJakarta :bErlangga,c2013 ax, 270 hlm. :bilus. ;c25 x 18 cm. aindeks hlm.269-2700 aJuju Suryawati abibliografi hlm. 256-257 4aSosiologi a202000100429 a202000100434 a202000100435 a202000100436 a202000100437 a202000100438 a202000100439 a202000100440 a202000100441 a202000100442 a202000100443 a202000100444 a202000100445 a202000100446 a202000100447 a202000100448 a202000100449 a202000100450 a202000100451 a202000100452 a202000100453 a202000100454 a202000100455 a202000100456 a202000100457 a202000100458 a202000100459 a202000100460 a202000100461 a202000100462 a202000100463 a202000100464 a202000100465 a202000100466 a202000100467 a202000100468 a202000100469 a202000100470 a202000100471 a202000100472 a202000100472 a202000100429 a202000100434 a202000100435 a202000100436 a202000100437 a202000100438 a202000100439 a202000100440 a202000100441 a202000100442 a202000100443 a202000100444 a202000100445 a202000100446 a202000100447 a202000100448 a202000100449 a202000100450 a202000100451 a202000100452 a202000100453 a202000100454 a202000100455 a202000100456 a202000100457 a202000100458 a202000100459 a202000100460 a202000100461 a202000100462 a202000100463 a202000100464 a202000100465 a202000100466 a202000100467 a202000100468 a202000100469 a202000100470 a202000100471 a202000100471 a202000100429 a202000100434 a202000100435 a202000100436 a202000100437 a202000100438 a202000100439 a202000100440 a202000100441 a202000100442 a202000100443 a202000100444 a202000100445 a202000100446 a202000100447 a202000100448 a202000100449 a202000100450 a202000100451 a202000100452 a202000100453 a202000100454 a202000100455 a202000100456 a202000100457 a202000100458 a202000100459 a202000100460 a202000100461 a202000100462 a202000100463 a202000100464 a202000100465 a202000100466 a202000100467 a202000100468 a202000100469 a202000100470 a202000100472 a202000100470 a202000100429 a202000100434 a202000100435 a202000100436 a202000100437 a202000100438 a202000100439 a202000100440 a202000100441 a202000100442 a202000100443 a202000100444 a202000100445 a202000100446 a202000100447 a202000100448 a202000100449 a202000100450 a202000100451 a202000100452 a202000100453 a202000100454 a202000100455 a202000100456 a202000100457 a202000100458 a202000100459 a202000100460 a202000100461 a202000100462 a202000100463 a202000100464 a202000100465 a202000100466 a202000100467 a202000100468 a202000100469 a202000100471 a202000100472 a202000100469 a202000100429 a202000100434 a202000100435 a202000100436 a202000100437 a202000100438 a202000100439 a202000100440 a202000100441 a202000100442 a202000100443 a202000100444 a202000100445 a202000100446 a202000100447 a202000100448 a202000100449 a202000100450 a202000100451 a202000100452 a202000100453 a202000100454 a202000100455 a202000100456 a202000100457 a202000100458 a202000100459 a202000100460 a202000100461 a202000100462 a202000100463 a202000100464 a202000100465 a202000100466 a202000100467 a202000100468 a202000100470 a202000100471 a202000100472 a202000100468 a202000100429 a202000100434 a202000100435 a202000100436 a202000100437 a202000100438 a202000100439 a202000100440 a202000100441 a202000100442 a202000100443 a202000100444 a202000100445 a202000100446 a202000100447 a202000100448 a202000100449 a202000100450 a202000100451 a202000100452 a202000100453 a202000100454 a202000100455 a202000100456 a202000100457 a202000100458 a202000100459 a202000100460 a202000100461 a202000100462 a202000100463 a202000100464 a202000100465 a202000100466 a202000100467 a202000100469 a202000100470 a202000100471 a202000100472 a202000100467 a202000100429 a202000100434 a202000100435 a202000100436 a202000100437 a202000100438 a202000100439 a202000100440 a202000100441 a202000100442 a202000100443 a202000100444 a202000100445 a202000100446 a202000100447 a202000100448 a202000100449 a202000100450 a202000100451 a202000100452 a202000100453 a202000100454 a202000100455 a202000100456 a202000100457 a202000100458 a202000100459 a202000100460 a202000100461 a202000100462 a202000100463 a202000100464 a202000100465 a202000100466 a202000100468 a202000100469 a202000100470 a202000100471 a202000100472 a202000100466 a202000100429 a202000100434 a202000100435 a202000100436 a202000100437 a202000100438 a202000100439 a202000100440 a202000100441 a202000100442 a202000100443 a202000100444 a202000100445 a202000100446 a202000100447 a202000100448 a202000100449 a202000100450 a202000100451 a202000100452 a202000100453 a202000100454 a202000100455 a202000100456 a202000100457 a202000100458 a202000100459 a202000100460 a202000100461 a202000100462 a202000100463 a202000100464 a202000100465 a202000100467 a202000100468 a202000100469 a202000100470 a202000100471 a202000100472 a202000100465 a202000100429 a202000100434 a202000100435 a202000100436 a202000100437 a202000100438 a202000100439 a202000100440 a202000100441 a202000100442 a202000100443 a202000100444 a202000100445 a202000100446 a202000100447 a202000100448 a202000100449 a202000100450 a202000100451 a202000100452 a202000100453 a202000100454 a202000100455 a202000100456 a202000100457 a202000100458 a202000100459 a202000100460 a202000100461 a202000100462 a202000100463 a202000100464 a202000100466 a202000100467 a202000100468 a202000100469 a202000100470 a202000100471 a202000100472 a202000100464 a202000100429 a202000100434 a202000100435 a202000100436 a202000100437 a202000100438 a202000100439 a202000100440 a202000100441 a202000100442 a202000100443 a202000100444 a202000100445 a202000100446 a202000100447 a202000100448 a202000100449 a202000100450 a202000100451 a202000100452 a202000100453 a202000100454 a202000100455 a202000100456 a202000100457 a202000100458 a202000100459 a202000100460 a202000100461 a202000100462 a202000100463 a202000100465 a202000100466 a202000100467 a202000100468 a202000100469 a202000100470 a202000100471 a202000100472 a202000100463 a202000100429 a202000100434 a202000100435 a202000100436 a202000100437 a202000100438 a202000100439 a202000100440 a202000100441 a202000100442 a202000100443 a202000100444 a202000100445 a202000100446 a202000100447 a202000100448 a202000100449 a202000100450 a202000100451 a202000100452 a202000100453 a202000100454 a202000100455 a202000100456 a202000100457 a202000100458 a202000100459 a202000100460 a202000100461 a202000100462 a202000100464 a202000100465 a202000100466 a202000100467 a202000100468 a202000100469 a202000100470 a202000100471 a202000100472 a202000100462 a202000100429 a202000100434 a202000100435 a202000100436 a202000100437 a202000100438 a202000100439 a202000100440 a202000100441 a202000100442 a202000100443 a202000100444 a202000100445 a202000100446 a202000100447 a202000100448 a202000100449 a202000100450 a202000100451 a202000100452 a202000100453 a202000100454 a202000100455 a202000100456 a202000100457 a202000100458 a202000100459 a202000100460 a202000100461 a202000100463 a202000100464 a202000100465 a202000100466 a202000100467 a202000100468 a202000100469 a202000100470 a202000100471 a202000100472 a202000100461 a202000100429 a202000100434 a202000100435 a202000100436 a202000100437 a202000100438 a202000100439 a202000100440 a202000100441 a202000100442 a202000100443 a202000100444 a202000100445 a202000100446 a202000100447 a202000100448 a202000100449 a202000100450 a202000100451 a202000100452 a202000100453 a202000100454 a202000100455 a202000100456 a202000100457 a202000100458 a202000100459 a202000100460 a202000100462 a202000100463 a202000100464 a202000100465 a202000100466 a202000100467 a202000100468 a202000100469 a202000100470 a202000100471 a202000100472 a202000100460 a202000100429 a202000100434 a202000100435 a202000100436 a202000100437 a202000100438 a202000100439 a202000100440 a202000100441 a202000100442 a202000100443 a202000100444 a202000100445 a202000100446 a202000100447 a202000100448 a202000100449 a202000100450 a202000100451 a202000100452 a202000100453 a202000100454 a202000100455 a202000100456 a202000100457 a202000100458 a202000100459 a202000100461 a202000100462 a202000100463 a202000100464 a202000100465 a202000100466 a202000100467 a202000100468 a202000100469 a202000100470 a202000100471 a202000100472 a202000100460 a202000100429 a202000100434 a202000100435 a202000100436 a202000100437 a202000100438 a202000100439 a202000100440 a202000100441 a202000100442 a202000100443 a202000100444 a202000100445 a202000100446 a202000100447 a202000100448 a202000100449 a202000100450 a202000100451 a202000100452 a202000100453 a202000100454 a202000100455 a202000100456 a202000100457 a202000100458 a202000100459 a202000100461 a202000100462 a202000100463 a202000100464 a202000100465 a202000100466 a202000100467 a202000100468 a202000100469 a202000100470 a202000100471 a202000100472 a202000100459 a202000100429 a202000100434 a202000100435 a202000100436 a202000100437 a202000100438 a202000100439 a202000100440 a202000100441 a202000100442 a202000100443 a202000100444 a202000100445 a202000100446 a202000100447 a202000100448 a202000100449 a202000100450 a202000100451 a202000100452 a202000100453 a202000100454 a202000100455 a202000100456 a202000100457 a202000100458 a202000100460 a202000100461 a202000100462 a202000100463 a202000100464 a202000100465 a202000100466 a202000100467 a202000100468 a202000100469 a202000100470 a202000100471 a202000100472 a202000100458 a202000100429 a202000100434 a202000100435 a202000100436 a202000100437 a202000100438 a202000100439 a202000100440 a202000100441 a202000100442 a202000100443 a202000100444 a202000100445 a202000100446 a202000100447 a202000100448 a202000100449 a202000100450 a202000100451 a202000100452 a202000100453 a202000100454 a202000100455 a202000100456 a202000100457 a202000100459 a202000100460 a202000100461 a202000100462 a202000100463 a202000100464 a202000100465 a202000100466 a202000100467 a202000100468 a202000100469 a202000100470 a202000100471 a202000100472 a202000100457 a202000100429 a202000100434 a202000100435 a202000100436 a202000100437 a202000100438 a202000100439 a202000100440 a202000100441 a202000100442 a202000100443 a202000100444 a202000100445 a202000100446 a202000100447 a202000100448 a202000100449 a202000100450 a202000100451 a202000100452 a202000100453 a202000100454 a202000100455 a202000100456 a202000100458 a202000100459 a202000100460 a202000100461 a202000100462 a202000100463 a202000100464 a202000100465 a202000100466 a202000100467 a202000100468 a202000100469 a202000100470 a202000100471 a202000100472 a202000100455 a202000100429 a202000100434 a202000100435 a202000100436 a202000100437 a202000100438 a202000100439 a202000100440 a202000100441 a202000100442 a202000100443 a202000100444 a202000100445 a202000100446 a202000100447 a202000100448 a202000100449 a202000100450 a202000100451 a202000100452 a202000100453 a202000100454 a202000100456 a202000100457 a202000100458 a202000100459 a202000100460 a202000100461 a202000100462 a202000100463 a202000100464 a202000100465 a202000100466 a202000100467 a202000100468 a202000100469 a202000100470 a202000100471 a202000100472 a202000100454 a202000100429 a202000100434 a202000100435 a202000100436 a202000100437 a202000100438 a202000100439 a202000100440 a202000100441 a202000100442 a202000100443 a202000100444 a202000100445 a202000100446 a202000100447 a202000100448 a202000100449 a202000100450 a202000100451 a202000100452 a202000100453 a202000100455 a202000100456 a202000100457 a202000100458 a202000100459 a202000100460 a202000100461 a202000100462 a202000100463 a202000100464 a202000100465 a202000100466 a202000100467 a202000100468 a202000100469 a202000100470 a202000100471 a202000100472 a202000100453 a202000100429 a202000100434 a202000100435 a202000100436 a202000100437 a202000100438 a202000100439 a202000100440 a202000100441 a202000100442 a202000100443 a202000100444 a202000100445 a202000100446 a202000100447 a202000100448 a202000100449 a202000100450 a202000100451 a202000100452 a202000100454 a202000100455 a202000100456 a202000100457 a202000100458 a202000100459 a202000100460 a202000100461 a202000100462 a202000100463 a202000100464 a202000100465 a202000100466 a202000100467 a202000100468 a202000100469 a202000100470 a202000100471 a202000100472 a202000100429 a202000100434 a202000100435 a202000100436 a202000100437 a202000100438 a202000100439 a202000100440 a202000100441 a202000100442 a202000100443 a202000100444 a202000100445 a202000100446 a202000100447 a202000100448 a202000100449 a202000100450 a202000100451 a202000100452 a202000100453 a202000100454 a202000100455 a202000100456 a202000100457 a202000100458 a202000100459 a202000100460 a202000100461 a202000100462 a202000100463 a202000100464 a202000100465 a202000100466 a202000100467 a202000100468 a202000100469 a202000100470 a202000100471 a202000100472 a202000100434 a202000100429 a202000100435 a202000100436 a202000100437 a202000100438 a202000100439 a202000100440 a202000100441 a202000100442 a202000100443 a202000100444 a202000100445 a202000100446 a202000100447 a202000100448 a202000100449 a202000100450 a202000100451 a202000100452 a202000100453 a202000100454 a202000100455 a202000100456 a202000100457 a202000100458 a202000100459 a202000100460 a202000100461 a202000100462 a202000100463 a202000100464 a202000100465 a202000100466 a202000100467 a202000100468 a202000100469 a202000100470 a202000100471 a202000100472 a202000100435 a202000100429 a202000100434 a202000100436 a202000100437 a202000100438 a202000100439 a202000100440 a202000100441 a202000100442 a202000100443 a202000100444 a202000100445 a202000100446 a202000100447 a202000100448 a202000100449 a202000100450 a202000100451 a202000100452 a202000100453 a202000100454 a202000100455 a202000100456 a202000100457 a202000100458 a202000100459 a202000100460 a202000100461 a202000100462 a202000100463 a202000100464 a202000100465 a202000100466 a202000100467 a202000100468 a202000100469 a202000100470 a202000100471 a202000100472 a202000100436 a202000100429 a202000100434 a202000100435 a202000100437 a202000100438 a202000100439 a202000100440 a202000100441 a202000100442 a202000100443 a202000100444 a202000100445 a202000100446 a202000100447 a202000100448 a202000100449 a202000100450 a202000100451 a202000100452 a202000100453 a202000100454 a202000100455 a202000100456 a202000100457 a202000100458 a202000100459 a202000100460 a202000100461 a202000100462 a202000100463 a202000100464 a202000100465 a202000100466 a202000100467 a202000100468 a202000100469 a202000100470 a202000100471 a202000100472 a202000100437 a202000100429 a202000100434 a202000100435 a202000100436 a202000100438 a202000100439 a202000100440 a202000100441 a202000100442 a202000100443 a202000100444 a202000100445 a202000100446 a202000100447 a202000100448 a202000100449 a202000100450 a202000100451 a202000100452 a202000100453 a202000100454 a202000100455 a202000100456 a202000100457 a202000100458 a202000100459 a202000100460 a202000100461 a202000100462 a202000100463 a202000100464 a202000100465 a202000100466 a202000100467 a202000100468 a202000100469 a202000100470 a202000100471 a202000100472 a202000100438 a202000100429 a202000100434 a202000100435 a202000100436 a202000100437 a202000100439 a202000100440 a202000100441 a202000100442 a202000100443 a202000100444 a202000100445 a202000100446 a202000100447 a202000100448 a202000100449 a202000100450 a202000100451 a202000100452 a202000100453 a202000100454 a202000100455 a202000100456 a202000100457 a202000100458 a202000100459 a202000100460 a202000100461 a202000100462 a202000100463 a202000100464 a202000100465 a202000100466 a202000100467 a202000100468 a202000100469 a202000100470 a202000100471 a202000100472 a202000100439 a202000100429 a202000100434 a202000100435 a202000100436 a202000100437 a202000100438 a202000100440 a202000100441 a202000100442 a202000100443 a202000100444 a202000100445 a202000100446 a202000100447 a202000100448 a202000100449 a202000100450 a202000100451 a202000100452 a202000100453 a202000100454 a202000100455 a202000100456 a202000100457 a202000100458 a202000100459 a202000100460 a202000100461 a202000100462 a202000100463 a202000100464 a202000100465 a202000100466 a202000100467 a202000100468 a202000100469 a202000100470 a202000100471 a202000100472 a202000100440 a202000100429 a202000100434 a202000100435 a202000100436 a202000100437 a202000100438 a202000100439 a202000100441 a202000100442 a202000100443 a202000100444 a202000100445 a202000100446 a202000100447 a202000100448 a202000100449 a202000100450 a202000100451 a202000100452 a202000100453 a202000100454 a202000100455 a202000100456 a202000100457 a202000100458 a202000100459 a202000100460 a202000100461 a202000100462 a202000100463 a202000100464 a202000100465 a202000100466 a202000100467 a202000100468 a202000100469 a202000100470 a202000100471 a202000100472 a202000100441 a202000100429 a202000100434 a202000100435 a202000100436 a202000100437 a202000100438 a202000100439 a202000100440 a202000100442 a202000100443 a202000100444 a202000100445 a202000100446 a202000100447 a202000100448 a202000100449 a202000100450 a202000100451 a202000100452 a202000100453 a202000100454 a202000100455 a202000100456 a202000100457 a202000100458 a202000100459 a202000100460 a202000100461 a202000100462 a202000100463 a202000100464 a202000100465 a202000100466 a202000100467 a202000100468 a202000100469 a202000100470 a202000100471 a202000100472 a202000100443 a202000100429 a202000100434 a202000100435 a202000100436 a202000100437 a202000100438 a202000100439 a202000100440 a202000100441 a202000100442 a202000100444 a202000100445 a202000100446 a202000100447 a202000100448 a202000100449 a202000100450 a202000100451 a202000100452 a202000100453 a202000100454 a202000100455 a202000100456 a202000100457 a202000100458 a202000100459 a202000100460 a202000100461 a202000100462 a202000100463 a202000100464 a202000100465 a202000100466 a202000100467 a202000100468 a202000100469 a202000100470 a202000100471 a202000100472 a202000100444 a202000100429 a202000100434 a202000100435 a202000100436 a202000100437 a202000100438 a202000100439 a202000100440 a202000100441 a202000100442 a202000100443 a202000100445 a202000100446 a202000100447 a202000100448 a202000100449 a202000100450 a202000100451 a202000100452 a202000100453 a202000100454 a202000100455 a202000100456 a202000100457 a202000100458 a202000100459 a202000100460 a202000100461 a202000100462 a202000100463 a202000100464 a202000100465 a202000100466 a202000100467 a202000100468 a202000100469 a202000100470 a202000100471 a202000100472 a202000100446 a202000100429 a202000100434 a202000100435 a202000100436 a202000100437 a202000100438 a202000100439 a202000100440 a202000100441 a202000100442 a202000100443 a202000100444 a202000100445 a202000100447 a202000100448 a202000100449 a202000100450 a202000100451 a202000100452 a202000100453 a202000100454 a202000100455 a202000100456 a202000100457 a202000100458 a202000100459 a202000100460 a202000100461 a202000100462 a202000100463 a202000100464 a202000100465 a202000100466 a202000100467 a202000100468 a202000100469 a202000100470 a202000100471 a202000100472 a202000100452 a202000100429 a202000100434 a202000100435 a202000100436 a202000100437 a202000100438 a202000100439 a202000100440 a202000100441 a202000100442 a202000100443 a202000100444 a202000100445 a202000100446 a202000100447 a202000100448 a202000100449 a202000100450 a202000100451 a202000100453 a202000100454 a202000100455 a202000100456 a202000100457 a202000100458 a202000100459 a202000100460 a202000100461 a202000100462 a202000100463 a202000100464 a202000100465 a202000100466 a202000100467 a202000100468 a202000100469 a202000100470 a202000100471 a202000100472 a202000100451 a202000100429 a202000100434 a202000100435 a202000100436 a202000100437 a202000100438 a202000100439 a202000100440 a202000100441 a202000100442 a202000100443 a202000100444 a202000100445 a202000100446 a202000100447 a202000100448 a202000100449 a202000100450 a202000100452 a202000100453 a202000100454 a202000100455 a202000100456 a202000100457 a202000100458 a202000100459 a202000100460 a202000100461 a202000100462 a202000100463 a202000100464 a202000100465 a202000100466 a202000100467 a202000100468 a202000100469 a202000100470 a202000100471 a202000100472 a202000100450 a202000100429 a202000100434 a202000100435 a202000100436 a202000100437 a202000100438 a202000100439 a202000100440 a202000100441 a202000100442 a202000100443 a202000100444 a202000100445 a202000100446 a202000100447 a202000100448 a202000100449 a202000100451 a202000100452 a202000100453 a202000100454 a202000100455 a202000100456 a202000100457 a202000100458 a202000100459 a202000100460 a202000100461 a202000100462 a202000100463 a202000100464 a202000100465 a202000100466 a202000100467 a202000100468 a202000100469 a202000100470 a202000100471 a202000100472 a202000100449 a202000100429 a202000100434 a202000100435 a202000100436 a202000100437 a202000100438 a202000100439 a202000100440 a202000100441 a202000100442 a202000100443 a202000100444 a202000100445 a202000100446 a202000100447 a202000100448 a202000100450 a202000100451 a202000100452 a202000100453 a202000100454 a202000100455 a202000100456 a202000100457 a202000100458 a202000100459 a202000100460 a202000100461 a202000100462 a202000100463 a202000100464 a202000100465 a202000100466 a202000100467 a202000100468 a202000100469 a202000100470 a202000100471 a202000100472 a202000100448 a202000100429 a202000100434 a202000100435 a202000100436 a202000100437 a202000100438 a202000100439 a202000100440 a202000100441 a202000100442 a202000100443 a202000100444 a202000100445 a202000100446 a202000100447 a202000100449 a202000100450 a202000100451 a202000100452 a202000100453 a202000100454 a202000100455 a202000100456 a202000100457 a202000100458 a202000100459 a202000100460 a202000100461 a202000100462 a202000100463 a202000100464 a202000100465 a202000100466 a202000100467 a202000100468 a202000100469 a202000100470 a202000100471 a202000100472 a202000100447 a202000100429 a202000100434 a202000100435 a202000100436 a202000100437 a202000100438 a202000100439 a202000100440 a202000100441 a202000100442 a202000100443 a202000100444 a202000100445 a202000100446 a202000100448 a202000100449 a202000100450 a202000100451 a202000100452 a202000100453 a202000100454 a202000100455 a202000100456 a202000100457 a202000100458 a202000100459 a202000100460 a202000100461 a202000100462 a202000100463 a202000100464 a202000100465 a202000100466 a202000100467 a202000100468 a202000100469 a202000100470 a202000100471 a202000100472 a202000100445 a202000100429 a202000100434 a202000100435 a202000100436 a202000100437 a202000100438 a202000100439 a202000100440 a202000100441 a202000100442 a202000100443 a202000100444 a202000100446 a202000100447 a202000100448 a202000100449 a202000100450 a202000100451 a202000100452 a202000100453 a202000100454 a202000100455 a202000100456 a202000100457 a202000100458 a202000100459 a202000100460 a202000100461 a202000100462 a202000100463 a202000100464 a202000100465 a202000100466 a202000100467 a202000100468 a202000100469 a202000100470 a202000100471 a202000100472